[Event "Tatabanya Genius Cup 2nd"]
[Site "Tatabanya"]
[Date "2014.09.06"]
[Round "6"]
[White "Havas, Peter"]
[Black "Bak, Tamas"]
[Result "0-1"]
[WhiteElo "1620"]
[BlackElo "1857"]
[PlyCount "42"]
[EventDate "2014.08.31"]
[EventType "swiss"]
[EventRounds "6"]
[EventCountry "HUN"]
[SourceTitle "EXT 2019"]
[Source "ChessBase"]
[SourceDate "2018.10.10"]
[SourceVersion "1"]
[SourceVersionDate "2018.10.10"]
[SourceQuality "1"]

1. e4 e5 2. Nf3 Nc6 3. Bb5 d6 4. 0-0 f5 5. d3 Nf6 6. Re1 fxe4 7. dxe4 Bd7 8. b3 Be7 9. Bb2 0-0 10. Nbd2 a6 11. Be2 Qe8 12. Kh1 Qg6 13. Ng1 Kh8 14. f3 Nh5 15. Bf1 Qh6 16. Nh3 Bxh3 17. gxh3 Nf4 18. Bg2 Bh4 19. Rg1 Bf2 20. Rf1 Ba7 21. Bc1 Qg6 0-1